| 000 | 01045nam0a22002771 4500 | ||
|---|---|---|---|
| 001 | rc\3658946 | ||
| 005 | 20130115150359.2 | ||
| 035 | _a(NLR Aleph) 007738702 | ||
| 090 |
_a7134846 _c7134846 |
||
| 100 | _a20130115d1969 |||y0rusy50 ca | ||
| 101 | 0 | _arus | |
| 102 | _aRU | ||
| 105 | _aa z ||||| | ||
| 200 | 1 |
_aНаш самый лучший друг _eИз воспоминаний о Ленине _e[Для сред. возраста _fХудож. Л.И. Коростышевский] |
|
| 210 |
_aПетрозаводск _cКарелия _d1969 |
||
| 215 |
_a144 с. _cил. _d20 |
||
| 300 | _aНа обороте тит. л. сост.: В.С. Дридзо | ||
| 700 | 1 |
_aКрупская _bН. К. _gНадежда Константиновна |
|
| 702 | 1 |
_aДридзо _bВ. С. _4220 |
|
| 702 | 1 |
_aКоростышевский _bЛ. И. _4440 |
|
| 702 | 1 |
_aЛенин _bВ. И. _f1870-1924 _gВладимир Ильич _4570 |
|
| 801 | 0 |
_aRU _bNLR _gpsbo |
|
| 801 | 1 |
_aRU _bELAR _2rusmarc |
|
| 852 |
_aNLR _j69-3/8574 |
||
| 942 | _cBOOK | ||
| 980 | _aNB | ||